Elaboración de manual técnico de sistema constructivo COVINTEC HOPSA-Nicaragua
Presenta la elaboración de un manual técnico de la construcción en sistema COVINTEC, que consta de investigación, análisis de bibliografía, detalles constructivos, esquemas, modelados 3d, tablas comparativas y demás información técnica referente al sistema, el estudio consta con un presupu...
| Main Author: | |
|---|---|
| Other Authors: | |
| Format: | Tesis Section = Libro |
| Language: | Undetermined Spanish |
| Published: |
Maangua
UNI
2015
|
| Subjects: |
| LEADER | 01391nam a2200241Ia 4500 | ||
|---|---|---|---|
| 008 | 240830s9999 xx 000 0 und d | ||
| 040 | |a BIBLIOTECA-RUSB/ Mon 691 A324 | ||
| 041 | |a spa | ||
| 082 | |a Mon 691 A324 | ||
| 100 | 1 | |a Alvarado Urbina, Heydi Daniela | |
| 245 | 1 | 0 | |a Elaboración de manual técnico de sistema constructivo COVINTEC HOPSA-Nicaragua |
| 260 | |a Maangua |b UNI |c 2015 | ||
| 300 | |a 157 p. :il. | ||
| 502 | |a Tesis (Arquitecto) - UNI, 2015. | ||
| 520 | 3 | |a Presenta la elaboración de un manual técnico de la construcción en sistema COVINTEC, que consta de investigación, análisis de bibliografía, detalles constructivos, esquemas, modelados 3d, tablas comparativas y demás información técnica referente al sistema, el estudio consta con un presupuesto y diseño de modelo habitacional en sistema COVINTEC. Este Manual tiene como objetivo servir de guía para el desarrollo y Planificación de los proyectos arquitectónicos con sistema COVINTEC, para el profesional de la construcción, con la finalidad de mejorar la calidad de ejecución de los proyectos. | |
| 650 | 7 | |a MANUAL TECNICO-SISTEMA CONSTRUCTIVO COVINTEC | |
| 650 | 7 | |b MATERIALES DE CONSTRUCCION-PANEL COVINTEC | |
| 650 | 7 | |c VIVIENDAS ECONOMICAS | |
| 650 | 7 | |d DISEÑO ARQUITECTONICO | |
| 700 | 1 | |a Tutor: |b Ramírez Silva, Danilo E. | |
| 942 | |c BK |2 ddc | ||
| 991 | |a TESIS | ||
| 999 | |c 20794 | ||